Schaum's outline of theory and problems of electric circuits / (Record no. 1558)
[ view plain ]
| 000 -LEADER | |
|---|---|
| fixed length control field | 01066nac a22002651u 4500 |
| 008 - FIXED-LENGTH DATA ELEMENTS--GENERAL INFORMATION | |
| fixed length control field | 160926b xxu||||| |||| 00| 0 eng d |
| 010 ## - LIBRARY OF CONGRESS CONTROL NUMBER | |
| LC control number | 2003265248 |
| 020 ## - INTERNATIONAL STANDARD BOOK NUMBER | |
| International Standard Book Number | 0071393072 |
| 082 04 - DEWEY DECIMAL CLASSIFICATION NUMBER | |
| Classification number | 621.3815 |
| Item number | NAH |
| Edition number | 22 |
| 100 1# - MAIN ENTRY--PERSONAL NAME | |
| Personal name | Nahvi, Mahmood. |
| 9 (RLIN) | 41236 |
| 245 10 - TITLE STATEMENT | |
| Title | Schaum's outline of theory and problems of electric circuits / |
| Statement of responsibility, etc | Mahmood Nahvi, Joseph A. Edminister. |
| 246 3# - VARYING FORM OF TITLE | |
| Title proper/short title | Theory and problems of electric circuits |
| 250 ## - EDITION STATEMENT | |
| Edition statement | 4th ed. |
| 260 ## - PUBLICATION, DISTRIBUTION, ETC. (IMPRINT) | |
| Place of publication, distribution, etc | New York : |
| Name of publisher, distributor, etc | McGraw-Hill,2003 |
| Date of publication, distribution, etc | c2003. |
| 300 ## - PHYSICAL DESCRIPTION | |
| Extent | ix, 469 p. : |
| Other physical details | ill. ; |
| Dimensions | 28 cm. |
| 490 0# - Series Statement | |
| Series statement | Schaum's outline series |
| 500 ## - GENERAL NOTE | |
| General note | Edminister's name appears first on the earlier ed. |
| 500 ## - GENERAL NOTE | |
| General note | Includes index. |
| 650 #0 - SUBJECT ADDED ENTRY--TOPICAL TERM | |
| Topical term or geographic name as entry element | Electric circuits |
| Form subdivision | Problems, exercises, etc. |
| Source of heading or term | BUEsh |
| 9 (RLIN) | 41237 |
| 651 ## - SUBJECT ADDED ENTRY--GEOGRAPHIC NAME | |
| Source of heading or term | BUEsh |
| 700 1# - ADDED ENTRY--PERSONAL NAME | |
| Personal name | Edminister, Joseph. |
| 9 (RLIN) | 38618 |
| 856 42 - ELECTRONIC LOCATION AND ACCESS | |
| Materials specified | Contributor biographical information |
| Uniform Resource Identifier | <a href="http://www.loc.gov/catdir/bios/mh041/2003265248.html">http://www.loc.gov/catdir/bios/mh041/2003265248.html</a> |
| 856 42 - ELECTRONIC LOCATION AND ACCESS | |
| Materials specified | Publisher description |
| Uniform Resource Identifier | <a href="http://www.loc.gov/catdir/description/mh031/2003265248.html">http://www.loc.gov/catdir/description/mh031/2003265248.html</a> |
| 942 ## - ADDED ENTRY ELEMENTS (KOHA) | |
| Item type | NB - Book (Non borrowing) |
| Call number prefix | 621.3815N154 |
| Source of classification or shelving scheme | Dewey Decimal Classification |
| Withdrawn status | Item status | Damaged status | Not for loan | Home library | Current library | Shelving location | Date acquired | Source of acquisition | Total Checkouts | Full call number | Barcode | Date last seen | Koha item type | Source of classification or shelving scheme | Vendor | Cost, normal purchase price | Serial Enumeration / chronology | Total Renewals | Checked out | Date last borrowed |
|---|---|---|---|---|---|---|---|---|---|---|---|---|---|---|---|---|---|---|---|---|
| Central Library | Central Library | First floor | 06/11/2005 | Purchase | 621.3815 NAH | 000002795 | 15/07/2025 | NB - Book (Non borrowing) | ||||||||||||
| Central Library | Central Library | First floor | 12/02/2009 | 6 | 621.3815 NAH | 000014814 | 14/02/2023 | Book - Borrowing | Dewey Decimal Classification | Alahram | 116.70 | 6384 | 16 | 25/03/2023 | 14/02/2023 | |||||
| Central Library | Central Library | First floor | 12/02/2009 | 1 | 621.3815 NAH | 000005732 | 15/07/2025 | Book - Borrowing | Dewey Decimal Classification | unknown | 4 | 24/02/2014 | ||||||||
| Central Library | Central Library | First floor | 12/02/2009 | 4 | 621.3815 NAH | 000002796 | 15/07/2025 | Book - Borrowing | Dewey Decimal Classification | Alahram | 18 | 14/02/2023 |